Aik hi mousam paat jahr ka (Record no. 8848)
[ view plain ]
| 000 -LEADER | |
|---|---|
| fixed length control field | 00353 a2200133 4500 |
| 082 ## - DEWEY DECIMAL CLASSIFICATION NUMBER | |
| Classification number | 891.4391 |
| 090 ## - LOCALLY ASSIGNED LC-TYPE CALL NUMBER (OCLC); LOCAL CALL NUMBER (RLIN) | |
| -- | 4971 |
| -- | 4971 |
| 100 ## - MAIN ENTRY--PERSONAL NAME | |
| Personal name | Qudsi, Abdul Quddus |
| 245 ## - TITLE STATEMENT | |
| Title | Aik hi mousam paat jahr ka |
| Statement of responsibility, etc. | Abdul Quddus Qudsi |
| Medium | [Urdu] |
| 260 ## - PUBLICATION, DISTRIBUTION, ETC. | |
| Place of publication, distribution, etc. | Islamabad : |
| Name of publisher, distributor, etc. | Leo Books, |
| Date of publication, distribution, etc. | 1994. |
| 300 ## - PHYSICAL DESCRIPTION | |
| Extent | 172 p. ; |
| Dimensions | 21 cm. |
| 650 ## - SUBJECT ADDED ENTRY--TOPICAL TERM | |
| Topical term or geographic name entry element | Urdu poetry |
| 942 ## - ADDED ENTRY ELEMENTS (KOHA) | |
| Koha item type | Book |
| Call number prefix | 891.4391 QUD |
| Withdrawn status | Lost status | Damaged status | Not for loan | Collection code | Permanent Location | Current Location | Shelving location | Date acquired | Source of acquisition | Cost, normal purchase price | Total Checkouts | Full call number | Barcode | Date last seen | Price effective from | Koha item type |
|---|---|---|---|---|---|---|---|---|---|---|---|---|---|---|---|---|
| Central Library (CL) | Central Library (CL) | Fiction | 07/20/2009 | Donation | 0.00 | 891.4391 QUD | SEECS009578 | 11/14/2012 | 01/05/2017 | Book |
